[Event "Politiken"]
[Site "Copenhagen DEN"]
[Date "1996.06.27"]
[Round "5"]
[White "Pedersen, NV"]
[Black "Dahl Pedersen, H"]
[Result "1-0"]
[WhiteElo "2290"]
[BlackElo "2185"]

1. e4 c6 2. Nc3 d5 3. f4 g6 4. Nf3 dxe4 5. Nxe4 Bg7 6. g3 Nf6 7. Nf2 O-O 8.
Bg2 Qb6 9. O-O Ng4 10. Qe2 Nd7 11. h3 Nxf2 12. Rxf2 Nf6 13. Ne5 Be6 14. b3
Bd5 15. Bb2 Rfd8 16. Re1 e6 17. g4 c5 18. d3 Qc7 19. f5 Bxg2 20. Kxg2 exf5
21. gxf5 g5 22. h4 gxh4 23. Kh2 Kh8 24. Rg2 Rd4 25. Bxd4 cxd4 26. Qf2 Rd8
27. Qxh4 Rg8 28. Qxd4 Nh5 29. Qg4 Nf6 1-0

[Event "Politiken"]
[Site "Copenhagen DEN"]
[Date "1996.06.27"]
[Round "5"]
[White "Harestad, H"]
[Black "Holmsgaard, H"]
[Result "1/2-1/2"]
[WhiteElo "2145"]
[BlackElo "2290"]

1. d4 d5 2. c4 c6 3. Nf3 Nf6 4. Nc3 dxc4 5. a4 Bf5 6. e3 e6 7. Bxc4 Bb4 8.
O-O O-O 9. Qe2 Bg4 10. Rd1 Qa5 11. Bd2 Nbd7 12. h3 Bxf3 13. Qxf3 e5 14. Bb3
Rad8 15. Rac1 Rfe8 16. Nb1 e4 17. Qe2 Bxd2 18. Qxd2 Qb6 19. Ba2 a5 20. Na3
Qb4 1/2-1/2

[Event "Politiken"]
[Site "Copenhagen DEN"]
[Date "1996.06.27"]
[Round "5"]
[White "Molvig, H"]
[Black "Koch, W"]
[Result "1/2-1/2"]
[WhiteElo "2180"]
[BlackElo "2325"]

1. d4 d6 2. c4 f5 3. Nf3 Nf6 4. g3 g6 5. Bg2 Bg7 6. O-O O-O 7. Nc3 Qe8 8.
d5 a5 9. h3 Na6 10. Be3 Bd7 11. Qd2 b6 12. Nd4 Nc5 13. Ncb5 Nfe4 14. Qc2
Qc8 15. Kh2 e5 16. dxe6 Nxe6 17. Nxe6 Bxe6 18. Bd4 Bxd4 19. Nxd4 Re8 20.
Nxe6 Qxe6 21. e3 Rad8 22. Rad1 Rd7 23. a3 Rg7 24. Qd3 Kh8 25. Qd5 Qe7 26.
Rd4 Nf6 27. Qc6 g5 28. b4 axb4 29. axb4 Rg6 30. Kg1 Ne4 31. Rd3 h5 32. Ra1
h4 33. Bxe4 Qxe4 34. Qxe4 Rxe4 35. Ra8+ Kh7 36. Rd5 Rge6 37. gxh4 gxh4 38.
Rf8 Kg6 39. Rc8 c5 40. bxc5 bxc5 1/2-1/2

[Event "Politiken"]
[Site "Copenhagen DEN"]
[Date "1996.06.27"]
[Round "5"]
[White "Matthiesen, A"]
[Black "Macieja, B"]
[Result "1/2-1/2"]
[WhiteElo "2255"]
[BlackElo "2430"]

1. Nf3 Nf6 2. c4 e6 3. d4 Bb4+ 4. Nc3 O-O 5. Bg5 h6 6. Bh4 c5 7. e3 Qa5 8.
Qb3 Ne4 9. Rc1 cxd4 10. exd4 b6 11. Bg3 Bb7 12. Be2 f5 13. Bxb8 Raxb8 14.
O-O Nxc3 15. bxc3 Bd6 16. Rfe1 Rfc8 17. d5 exd5 18. Nd4 dxc4 19. Bxc4+ Kh8
20. Nb5 Bf4 21. Rcd1 a6 22. Nd6 Bxd6 23. Rxd6 Qc5 24. Rd4 Re8 25. Red1 Re4
26. h3 Rbe8 27. Rxe4 fxe4 28. Qb4 Qxb4 29. cxb4 Rc8 30. Bb3 Bc6 31. Rd6 Rf8
32. Bc4 b5 1/2-1/2

[Event "Politiken"]
[Site "Copenhagen DEN"]
[Date "1996.06.27"]
[Round "5"]
[White "Pedersen, St"]
[Black "Aagaard, J"]
[Result "1-0"]
[WhiteElo "2405"]
[BlackElo "2290"]

1. d4 Nf6 2. c4 e6 3. Nf3 b6 4. a3 Bb7 5. Nc3 Ne4 6. Nxe4 Bxe4 7. Nd2 Bb7
8. e4 Qf6 9. d5 a5 10. Bd3 Na6 11. O-O Nc5 12. Bc2 Bd6 13. Nf3 Bf4 14. Bxf4
Qxf4 15. b4 axb4 16. axb4 Na6 17. Rb1 O-O 18. Qd3 e5 19. Qc3 d6 20. Ra1
Rfc8 21. Qb2 f5 22. Rfe1 c6 23. dxc6 Bxc6 24. b5 fxe4 25. bxc6 Nc5 26. Rxa8
Rxa8 27. Bxe4 Nxe4 28. Qxb6 Nd2 29. Nxd2 Qxd2 30. Rb1 Qd4 31. Qxd4 exd4 32.
c7 Kf7 33. Kf1 Rc8 34. Rb7 Ke6 35. Ke2 Kd7 36. Kd3 Kc6 37. Ra7 d5 38. cxd5+
Kxd5 39. Rb7 Kc6 40. Rb2 Rxc7 41. Rc2+ Kd6 42. Rxc7 Kxc7 43. Kxd4 Kd6 44.
f4 Ke6 45. Ke4 Kf6 46. g4 Ke6 47. f5+ Kf6 48. Kf4 Kf7 49. Ke5 Ke7 50. g5
Kf7 51. h4 Ke7 52. h5 Kf7 53. g6+ hxg6 54. hxg6+ Ke7 55. Kd5 Kf6 56. Ke4
Ke7 57. Ke5 Ke8 58. Ke6 Kf8 59. Kd7 Kg8 60. Ke7 Kh8 61. f6 gxf6 62. Kf7 1-0

[Event "Politiken"]
[Site "Copenhagen DEN"]
[Date "1996.06.27"]
[Round "5"]
[White "Tseshkovsky, V"]
[Black "Nouro, M"]
[Result "0-1"]
[WhiteElo "2540"]
[BlackElo "2275"]

1. e4 e5 2. Bc4 Nf6 3. d3 Be7 4. Nf3 d6 5. O-O O-O 6. c3 c6 7. Bb3 Nbd7 8.
Re1 Qc7 9. d4 h6 10. Nbd2 Re8 11. Nf1 Bf8 12. Ng3 g6 13. Bd2 Bg7 14. Qc1 h5
15. Bh6 Nf8 16. h3 Re7 17. a4 a5 18. Ba2 Be6 19. c4 exd4 20. Bxg7 Kxg7 21.
Nxd4 Rae8 22. Qf4 Qb6 23. Qe3 Qc5 24. e5 Qxe5 25. Qxe5 dxe5 26. Rxe5 Rd8
27. Rd1 Red7 28. Nxe6+ Nxe6 29. Rxd7 Rxd7 30. Rxa5 Rd1+ 31. Kh2 Rd2 32. c5
Nf4 33. Nh1 Rxb2 34. Bc4 Ne4 35. g3 Ne6 36. Bxe6 fxe6 37. Kg2 Rc2 38. Ra8
Nxc5 39. a5 Ra2 40. Ra7 Kf6 41. h4 Rb2 42. Ra8 Ra2 43. Kh3 Nb3 44. Rf8+ Kg7
45. Rc8 Nxa5 46. f3 b5 47. g4 Kf6 48. Rb8 hxg4+ 49. fxg4 Nc4 50. Ng3 Ra3
51. h5 gxh5 52. gxh5 Ne3 53. Rf8+ Kg7 54. Rf3 b4 55. h6+ Kg6 56. Kh4 Nf5+
0-1

[Event "Politiken"]
[Site "Copenhagen DEN"]
[Date "1996.06.27"]
[Round "5"]
[White "Hyldkrog, L"]
[Black "Henrichsen, J"]
[Result "1-0"]
[WhiteElo "2075"]
[BlackElo "2075"]

1. e4 e6 2. d4 d5 3. Nd2 Nf6 4. e5 Nfd7 5. c3 c5 6. Bd3 Nc6 7. Ne2 cxd4 8.
cxd4 Qb6 9. Nf3 f6 10. exf6 Nxf6 11. O-O Bd6 12. a3 O-O 13. Qc2 Bd7 14. Bg5
h6 15. Bh4 Rac8 16. Qd2 Na5 17. Rad1 Nb3 18. Qe1 Na5 19. Bg3 Bxg3 20. hxg3
Nc6 21. b4 a6 22. Nf4 Ne7 23. Rc1 Rxc1 24. Qxc1 Rc8 25. Qd2 Bb5 26. Bxb5
axb5 27. Nd3 Ne4 28. Qf4 Rc3 29. Nde5 Nf5 30. g4 g5 31. Qh2 Nxd4 32. Qxh6
Ne2+ 33. Kh2 Rc7 34. Qg6+ Rg7 35. Qe8+ Kh7 36. Nf7 Qc7+ 37. N3e5 Rg8 38.
Qxb5 Rf8 39. g3 Nd4 40. Qd3 Nc6 41. Nxg5+ Kh6 42. Nxc6 Kxg5 43. Nd4 Rxf2+
44. Rxf2 Qh7+ 45. Kg2 Qh1+ 46. Kxh1 Nxf2+ 47. Kg2 Nxd3 48. Nxe6+ Kxg4 49.
Nc7 d4 50. Nb5 Ne1+ 51. Kf2 Nc2 52. Ke2 Kxg3 53. Kd3 Ne1+ 54. Kxd4 Kf4 55.
Kc5 Nd3+ 56. Kb6 Ke5 57. Kxb7 Kd5 58. Kb6 Kc4 59. Ka5 Kd5 60. Na7 Kd6 61.
Kb6 Nb2 62. Kb5 Kc7 63. Nc6 Kb7 64. Ne5 Nd1 65. a4 Nc3+ 66. Ka5 Nd5 67. b5
Ka7 68. Nc4 Kb7 69. b6 Nc3 70. Kb4 Nd5+ 71. Kc5 Nc3 72. a5 Ne4+ 73. Kd4 Nf6
74. Nd6+ Ka6 75. Nc4 Kb7 76. Ke5 Nd7+ 77. Kd6 Nb8 78. Ne5 Kc8 79. Nd3 Kb7
80. Nc5+ Ka8 81. a6 Nxa6 82. Nxa6 Kb7 83. Kc5 Ka8 84. Nb4 1-0

[Event "Politiken"]
[Site "Copenhagen DEN"]
[Date "1996.06.27"]
[Round "5"]
[White "Arduman, C"]
[Black "Hjartarson, J"]
[Result "0-1"]
[WhiteElo "2410"]
[BlackElo "2570"]

1. d4 Nf6 2. Bg5 Ne4 3. Bf4 c5 4. f3 Qa5+ 5. c3 Nf6 6. Nd2 cxd4 7. Nb3 Qf5
8. Bxb8 Rxb8 9. Qxd4 b6 10. e4 Qf4 11. Nh3 Qc7 12. e5 Ng8 13. O-O-O e6 14.
f4 f5 15. Be2 Nh6 16. Nf2 Be7 17. Kb1 Bb7 18. Qa4 Bc6 19. Bb5 Bxb5 20. Qxb5
Qb7 21. Rd2 a6 22. Qa4 Rc8 23. Rhd1 Rc7 24. g3 b5 25. Qd4 O-O 26. Na5 Qc8
27. Nd3 Nf7 28. Qe3 d5 29. exd6 Bxd6 30. Nb3 Re8 31. Nd4 e5 32. fxe5 Bxe5
33. Nb4 Nd6 34. Qf3 Ne4 35. Rd3 g6 36. Nd5 Rf7 37. Nb4 Bg7 38. Ndc6 Bf6 39.
Nd4 Qb7 40. Nb3 Qa7 41. Nd4 Qa8 42. Ndc2 Qb7 43. Nd5 Bg7 44. Nf4 Rc7 45. a3
a5 46. Nd5 Rd7 47. Qf4 Red8 48. Nce3 Kh8 49. Nb4 Rxd3 50. Rxd3 Rf8 51. Nbd5
g5 52. Qf3 Nc5 53. Rd1 f4 54. gxf4 gxf4 55. Ng2 Ne6 56. Qg4 Qf7 57. Rf1 h5
58. Qh3 f3 59. Nge3 Ng5 60. Qh4 Bh6 61. Qd4+ Bg7 62. Qd3 Qe8 63. h4 Ne4 64.
Nd1 Qe5 65. Ka1 Nc5 0-1

[Event "Politiken"]
[Site "Copenhagen DEN"]
[Date "1996.06.27"]
[Round "5"]
[White "Henriksen, B"]
[Black "Hellstrom, A"]
[Result "1/2-1/2"]
[WhiteElo "2080"]
[BlackElo "2245"]

1. e4 c6 2. d4 d5 3. Nc3 dxe4 4. Nxe4 Bf5 5. Ng3 Bg6 6. Nf3 Nd7 7. h4 h6 8.
Bd3 Bxd3 9. Qxd3 e6 10. Bd2 Qc7 11. O-O-O O-O-O 12. Ne4 Ngf6 13. Nxf6 Nxf6
14. Rhe1 c5 15. c4 cxd4 16. Nxd4 Bc5 17. Be3 Qb6 18. a3 a5 19. Qb3 Qxb3 20.
Nxb3 Bxe3+ 21. Rxe3 Rxd1+ 22. Kxd1 Rd8+ 23. Ke2 b6 24. Rg3 1/2-1/2

[Event "Politiken"]
[Site "Copenhagen DEN"]
[Date "1996.06.27"]
[Round "5"]
[White "Madsen, D"]
[Black "Holst, C"]
[Result "1/2-1/2"]
[WhiteElo "2325"]
[BlackElo "2205"]

1. d4 Nf6 2. c4 g6 3. g3 Bg7 4. Bg2 O-O 5. Nf3 d6 6. O-O Nc6 7. Nc3 a6 8.
Qd3 e5 9. d5 Ne7 10. a4 Nh5 11. a5 h6 12. Rd1 f5 13. Qc2 g5 14. b4 Nf6 15.
Ba3 f4 16. c5 Nf5 17. Rac1 fxg3 18. hxg3 g4 19. Nd2 Nd4 20. Qd3 Bf5 21. e4
Bc8 22. Ne2 Nb5 23. Bb2 Nh7 24. Nc3 Qf6 25. Nxb5 axb5 26. Rf1 Ng5 27. f4
gxf3 28. Nxf3 Nxf3+ 29. Rxf3 Qg6 30. cxd6 Rxf3 31. Qxf3 cxd6 32. Rc7 Bf6
33. Qf2 Bd8 34. Rc3 Bg4 35. Bf3 Bxf3 36. Rxf3 Bg5 37. Qe2 Rc8 38. Qxb5 Qxe4
39. Qd3 Qxd3 40. Rxd3 Rc2 41. Rb3 Bd2 42. Ba3 Bc3 43. b5 Bxa5 44. Bxd6 Bb6+
1/2-1/2

[Event "Politiken"]
[Site "Copenhagen DEN"]
[Date "1996.06.27"]
[Round "5"]
[White "Andersen, P"]
[Black "Rasmussen, P"]
[Result "1/2-1/2"]
[WhiteElo "2070"]
[BlackElo "2285"]

1. e4 c5 2. Nf3 d6 3. d4 cxd4 4. Nxd4 Nf6 5. Nc3 e6 6. Bc4 a6 7. Bb3 b5 8.
O-O Be7 9. f4 Qc7 10. f5 e5 11. Nde2 Bb7 12. Ng3 Nbd7 13. Bg5 b4 14. Bxf6
Nxf6 15. Na4 O-O 16. Re1 d5 17. exd5 Rad8 18. c4 bxc3 19. Nxc3 Bb4 20. Nge4
Nxe4 21. Rxe4 Bxc3 22. bxc3 Bxd5 23. Bxd5 Qc5+ 24. Kh1 Rxd5 25. Qh5 Qxc3
26. Rg1 f6 27. Rh4 h6 28. Qg6 Qd2 29. Rg4 Rf7 30. h3 Rd4 31. Rg3 e4 32. Rb1
Rb4 33. Rxb4 Qe1+ 34. Kh2 Qxb4 35. Qxh6 Qd6 36. Qe3 Re7 37. Qb3+ Kh7 38.
Kh1 Qf4 39. Rg4 Qxf5 40. Rh4+ Kg6 41. Rg4+ Kh5 42. Qg8 g5 43. Qh8+ Kg6
1/2-1/2

[Event "Politiken"]
[Site "Copenhagen DEN"]
[Date "1996.06.27"]
[Round "5"]
[White "Nielsen, PH"]
[Black "Coleman, D"]
[Result "1-0"]
[WhiteElo "2495"]
[BlackElo "2255"]

1. d4 Nf6 2. c4 g6 3. Nc3 Bg7 4. e4 d6 5. Nf3 O-O 6. Be2 e5 7. O-O Nc6 8.
d5 Ne7 9. Ne1 Ne8 10. Be3 f5 11. f3 Kh8 12. a4 Ng8 13. a5 f4 14. Bf2 h5 15.
c5 g5 16. g4 fxg3 17. hxg3 Nh6 18. Kg2 Qf6 19. Rh1 Qf7 20. Be3 Bf6 21. Nd3
Bd8 22. Qd2 Qg6 23. b4 Rg8 24. Rag1 a6 25. Kf2 Nf6 26. Ke1 Nf7 27. f4 g4
28. f5 Qg7 29. Rh2 Re8 30. Rgh1 Kg8 31. Nf2 Kf8 32. Rxh5 Nxh5 33. Rxh5 Bf6
34. Nxg4 Ke7 35. Nxf6 1-0

[Event "Politiken"]
[Site "Copenhagen DEN"]
[Date "1996.06.27"]
[Round "5"]
[White "Hutters, T"]
[Black "Nilsson, N"]
[Result "1-0"]
[WhiteElo "2435"]
[BlackElo "2225"]

1. d4 g6 2. c4 Bg7 3. Nc3 d6 4. e4 Nc6 5. Be3 e5 6. Nge2 f5 7. exf5 Bxf5 8.
d5 Nce7 9. Qd2 Nf6 10. f3 O-O 11. O-O-O c5 12. g4 Bd7 13. Ng3 a6 14. h4 b5
15. h5 b4 16. Nce4 Nxe4 17. Nxe4 Rxf3 18. Be2 Bxg4 19. Rdg1 Rxe3 20. Qxe3
Nf5 21. Qd3 Bh6+ 22. Kb1 Bxe2 23. Qxe2 Bf4 24. Qg4 Ng7 25. h6 Ne8 26. Qe6+
Kf8 27. Rxg6 1-0

[Event "Politiken"]
[Site "Copenhagen DEN"]
[Date "1996.06.27"]
[Round "5"]
[White "Dongart, D"]
[Black "Hansen, Mo"]
[Result "1/2-1/2"]
[WhiteElo "2155"]
[BlackElo "2085"]

1. e4 d5 2. exd5 Qxd5 3. Nc3 Qa5 4. d4 Nf6 5. Bd2 c6 6. Nf3 Bf5 7. Bc4 e6
8. Bb3 Qa6 9. Qe2 Qxe2+ 10. Nxe2 Ne4 11. Nh4 Nxd2 12. Kxd2 Bg6 13. Nxg6
hxg6 14. c3 Bd6 15. h3 Nd7 16. Rae1 g5 17. Nc1 O-O-O 18. Nd3 Rh6 19. f3 Bg3
20. Rd1 Nf8 21. Kc2 Ng6 22. Nc5 Bd6 23. Ne4 Be7 24. Nf2 Kc7 25. Ng4 Rhh8
26. Rd2 Bd6 27. Rhd1 Bf4 28. Re2 Rd7 29. Nf2 Bd6 30. Nd3 Nf4 31. Nxf4 gxf4
32. Red2 Rh5 33. Re2 Rd8 34. Rdd2 Rg5 35. Bc4 Kd7 36. Rf2 Ke7 37. Bf1 Kf6
38. Rfe2 Rh5 39. Re4 Rdh8 40. Rd1 Bc7 41. c4 Rd8 42. b4 b6 43. a4 c5 44.
dxc5 Rxd1 45. Kxd1 bxc5 46. b5 g5 47. Kc2 Rh8 48. Re1 Rd8 49. Be2 Ba5 50.
Rd1 Rxd1 51. Bxd1 Kg6 52. Kd3 Kh5 53. Ke2 f5 54. Kf2 Kh4 55. Be2 Bc3 56.
Bd1 Ba5 57. Be2 Bc7 58. Bd1 Kh5 59. Ke2 Kg6 60. Kd3 Kf6 61. Be2 1/2-1/2

[Event "Politiken"]
[Site "Copenhagen DEN"]
[Date "1996.06.27"]
[Round "5"]
[White "Nedberg, B"]
[Black "Fulgsang, F"]
[Result "0-1"]
[WhiteElo "2100"]
[BlackElo "2285"]

1. d4 Nf6 2. c4 e6 3. Nc3 Bb4 4. f3 d5 5. a3 Be7 6. cxd5 exd5 7. e3 O-O 8.
Bd3 c5 9. Nge2 Nc6 10. O-O a6 11. Qc2 g6 12. dxc5 Bxc5 13. Kh1 Ne5 14. Nd4
Qd6 15. Nce2 Bd7 16. Bd2 Rac8 17. Bc3 Rfe8 18. Qd2 Qf8 19. Rfe1 Qh6 20. Ng3
Bd6 21. Nf1 Nh5 22. Kg1 Re7 23. Rac1 Rce8 24. Qc2 Bb8 25. Bb4 Nxd3 26. Qxd3
Re5 27. f4 Re4 28. Qb3 Nf6 29. h3 Ba7 30. Bc5 Bxc5 31. Rxc5 Rxd4 32. Qc3
Rde4 33. Qxf6 Bc6 34. Rd1 Qf8 35. Rc2 R8e6 36. Qh4 Qd6 37. Rcd2 Qc5 38. Kh2
Kg7 39. Qg5 h6 40. Qg3 f5 41. Qf2 Qe7 42. g4 Kh7 43. Kg1 fxg4 44. hxg4 Rc4
45. Rd4 Ba4 46. R1d2 Bc6 47. Rd1 Re4 48. Rxe4 Rxe4 49. Rd4 Qe6 50. Qf3 Rxd4
51. exd4 Qf6 52. Qf2 Bd7 53. Nh2 Qe6 54. Kf1 Qe4 55. Kg1 Ba4 56. Nf1 Bd1
57. Ng3 Qe7 58. f5 Bxg4 59. fxg6+ Kxg6 60. Qf4 h5 61. Kg2 Qf6 62. Qe3 h4
63. Nf1 Bf5 64. Qe8+ Kh6 65. Kh2 0-1

[Event "Politiken"]
[Site "Copenhagen DEN"]
[Date "1996.06.27"]
[Round "5"]
[White "Eriksson, I"]
[Black "Ostergaard, J"]
[Result "1/2-1/2"]
[WhiteElo "2095"]
[BlackElo "2300"]

1. e4 c6 2. d4 d5 3. exd5 cxd5 4. c4 Nf6 5. Nc3 e6 6. Nf3 Bb4 7. Bd3 O-O 8.
O-O dxc4 9. Bxc4 b6 10. Qd3 Bb7 11. Bg5 Be7 12. Rad1 Nc6 13. a3 a6 14. Ba2
b5 15. Bb1 g6 16. Rfe1 Na5 17. Bh6 Re8 18. Ne5 Qb6 19. Qg3 Nh5 20. Qg4 f5
21. Qh3 Nc4 22. Na4 Qc7 23. Nxc4 bxc4 24. Rxe6 Qd7 25. Rde1 Bf8 26. Bxf5
Qxa4 27. Bxg6 hxg6 28. Bxf8 Rxe6 29. Qxe6+ Kxf8 30. Qe7+ Kg8 31. Qxb7 Re8
32. Qd5+ Kh7 33. Qf7+ Ng7 34. Rf1 Re2 35. h3 Rxb2 36. Re1 c3 37. Re6 Qc2
38. Re7 Qd1+ 39. Kh2 Qxd4 40. Re6 Qd3 41. Re7 Qd6+ 42. f4 Qd4 43. Rd7 c2
44. Rxd4 c1=Q 45. Rd7 Qc3 46. Rc7 Qd4 47. Rd7 Qc3 48. Rc7 Qd4 49. Rd7 Qc3
1/2-1/2

[Event "Politiken"]
[Site "Copenhagen DEN"]
[Date "1996.06.27"]
[Round "5"]
[White "Wallace, JP"]
[Black "Koskinen, H"]
[Result "0-1"]
[WhiteElo "2370"]
[BlackElo "2230"]

1. c4 Nf6 2. Nc3 c6 3. e4 e5 4. Nf3 d6 5. d4 Nbd7 6. Be2 Be7 7. O-O O-O 8.
Re1 Qc7 9. Bf1 a6 10. Bg5 Re8 11. Rc1 h6 12. Be3 Ng4 13. Bd2 exd4 14. Nxd4
Nde5 15. h3 Qb6 16. Bf4 Ng6 17. Bg3 N4e5 18. f4 Bf6 19. c5 dxc5 20. Na4 Qc7
21. Nf5 Nd7 22. Nd6 Bd4+ 23. Qxd4 cxd4 24. Nxe8 Qa5 25. b3 b5 26. Nb2 Qa3
27. Nd3 Bb7 28. Nc7 Rc8 29. f5 Ne7 30. b4 a5 31. Bd6 axb4 32. Bxb4 Qa7 33.
Bd6 Qb6 34. Nxb5 cxb5 35. Bxe7 Rxc1 36. Rxc1 Bxe4 37. g4 Qa7 38. Rc8+ Kh7
39. Nf2 d3 40. Bb4 Qe3 41. Bg2 Bxg2 42. Kxg2 d2 43. Rc3 Qxf2+ 44. Kxf2 d1=Q
45. a3 Ne5 46. Kg3 Nd3 47. Ba5 b4 48. Rxd3 Qxd3+ 49. Kh2 bxa3 0-1

[Event "Politiken"]
[Site "Copenhagen DEN"]
[Date "1996.06.27"]
[Round "5"]
[White "Olsen, P"]
[Black "Thorfinnsson, Bj"]
[Result "1/2-1/2"]
[WhiteElo "2225"]
[BlackElo "2060"]

1. d4 Nf6 2. c4 e6 3. Nc3 Bb4 4. g3 c6 5. Bg2 d5 6. Nf3 Nbd7 7. O-O O-O 8.
Qd3 b6 9. cxd5 cxd5 10. Bf4 Bxc3 11. Qxc3 Ba6 12. Rfe1 Qe7 13. b3 Ne4 14.
Qb2 g5 15. Bd2 Qf6 16. Be3 Qe7 17. Ne5 f6 18. Nxd7 Qxd7 19. Rac1 Rfc8 20.
Bf3 Nd6 21. Qa3 Bb5 22. Qb2 Bc6 23. Bg2 Rc7 24. f3 Rac8 25. Bd2 Nf5 26. e3
Bb5 27. Rxc7 Rxc7 28. Rc1 Rxc1+ 29. Qxc1 Qc6 30. Qxc6 Bxc6 31. Bf1 e5 32.
Bd3 e4 33. fxe4 dxe4 34. Bc4+ Kg7 35. Kf2 Ne7 36. Bb4 Nd5 37. Bd6 Nc3 38.
Bb8 b5 39. Be6 a6 40. a3 Bd5 41. Bc8 Bxb3 42. Bxa6 Bc4 43. Ke1 Kf7 44. Bd6
Nd5 45. Kd2 Ke6 46. Bc5 Kd7 47. Bb7 f5 48. Bxd5 1/2-1/2

[Event "Politiken"]
[Site "Copenhagen DEN"]
[Date "1996.06.27"]
[Round "5"]
[White "Hartvig, O"]
[Black "Berg, E"]
[Result "1-0"]
[WhiteElo "2300"]
[BlackElo "2180"]

1. e4 e6 2. d3 d5 3. Nd2 c5 4. g3 Nc6 5. Bg2 Nf6 6. Ngf3 Be7 7. O-O O-O 8.
e5 Nd7 9. Re1 Rb8 10. Nf1 b5 11. h4 a5 12. Bf4 Ba6 13. N1h2 Qb6 14. Ng5
Bxg5 15. hxg5 Ne7 16. Qh5 Ng6 17. Bh3 b4 18. Rad1 a4 19. Ng4 Kh8 20. Kg2
Qc6 21. Rh1 Rg8 22. Rh2 d4+ 23. Kg1 Ndf8 24. Bg2 Qc7 25. Be4 Bb7 26. Kg2 f5
27. exf6 Nxf4+ 28. gxf4 Bxe4+ 29. dxe4 gxf6 30. Nxf6 Rg7 31. Rdh1 Rb7 32.
Qe8 Rb8 33. Rxh7+ Rxh7 34. Rxh7+ Qxh7 35. Qxb8 Qe7 36. Nd7 Qxd7 37. Qxf8+
Kh7 38. Qxc5 b3 39. axb3 axb3 40. Qc4 bxc2 41. Qxc2 Qd6 42. Kf3 e5 43. fxe5
Qxe5 44. Qc6 Qxg5 45. Qd7+ Kg6 46. Qe6+ Kg7 47. Qg4 1-0

[Event "Politiken"]
[Site "Copenhagen DEN"]
[Date "1996.06.27"]
[Round "5"]
[White "Andersson, C"]
[Black "Jensen, H"]
[Result "1-0"]
[WhiteElo "2040"]
[BlackElo "2150"]

1. e4 c5 2. Nf3 Nf6 3. Nc3 Nc6 4. d4 cxd4 5. Nxd4 e5 6. Nxc6 bxc6 7. Bg5
Be7 8. Bc4 O-O 9. O-O d6 10. Qd3 Bg4 11. f3 Be6 12. Bxe6 fxe6 13. Kh1 d5
14. exd5 exd5 15. Rad1 Nh5 16. Bxe7 Qxe7 17. Rfe1 Nf4 18. Qe3 Ng6 19. Ne2
Rae8 20. c3 h5 21. c4 d4 22. Qe4 Rf6 23. Ng3 h4 24. Nf5 Qd7 25. Nxh4 Nxh4
26. Qxh4 c5 27. Qe4 a5 28. h3 Rg6 29. b3 Rf6 30. Qd3 Rf4 31. Re4 Rf5 32.
Rde1 Qf7 33. Qd2 Re6 34. Kh2 Qc7 35. f4 Qe7 36. g3 Qf7 37. Kg2 Rg6 38. Rxe5
Rxf4 39. Re7 Qf6 40. R7e5 Rxg3+ 41. Kxg3 Rf3+ 42. Kg2 1-0

[Event "Politiken"]
[Site "Copenhagen DEN"]
[Date "1996.06.27"]
[Round "5"]
[White "Hansen, SuB"]
[Black "Gabrielsen, S"]
[Result "1-0"]
[WhiteElo "2495"]
[BlackElo "2175"]

1. e4 c5 2. Nf3 Nc6 3. d4 cxd4 4. Nxd4 Nf6 5. Nc3 d6 6. Bg5 e6 7. Qd2 a6 8.
O-O-O h6 9. Be3 Bd7 10. f3 Be7 11. Kb1 Rc8 12. Nxc6 Bxc6 13. Bf2 Qc7 14.
Bb6 Qb8 15. h4 d5 16. exd5 Nxd5 17. Bd4 Nxc3+ 18. Bxc3 O-O 19. Qe1 Rfd8 20.
Rxd8+ Rxd8 21. Bd3 Rd7 22. a3 Qd8 23. Qg3 Bf6 24. Bxf6 Qxf6 25. h5 Qg5 26.
Qh2 Rd4 27. Rd1 e5 28. Re1 f6 29. Bg6 Bd7 30. Qg1 Qd2 31. c3 Rd6 32. Bc2
Qd5 33. Rd1 Qc6 34. Be4 Qc7 35. Rxd6 Qxd6 36. Bxb7 Bf5+ 37. Ka1 Qd3 38. g4
Bh7 39. Qc1 Qb5 40. Ba8 Bd3 41. Qd2 Kf7 42. Bc6 Qxc6 43. Qxd3 a5 44. b4
axb4 45. axb4 Ke7 46. Kb2 Qb6 47. Kb3 1-0

[Event "Politiken"]
[Site "Copenhagen DEN"]
[Date "1996.06.27"]
[Round "5"]
[White "Korchnoi, V"]
[Black "Hellsten, J"]
[Result "1-0"]
[WhiteElo "2645"]
[BlackElo "2475"]

1. c4 c6 2. Nf3 d5 3. d4 Nf6 4. Nc3 dxc4 5. a4 Bg4 6. Ne5 Bh5 7. Nxc4 e6 8.
Qb3 Na6 9. e4 Bb4 10. f3 Nxe4 11. fxe4 Qh4+ 12. g3 Qxe4+ 13. Kf2 Qxd4+ 14.
Be3 Qf6+ 15. Kg1 Bf3 16. Bg2 Bd5 17. Na2 Qe7 18. Nxb4 Nxb4 19. Qc3 O-O 20.
Bd2 Bxg2 21. Kxg2 Nd5 22. Qc2 f6 23. Rhe1 e5 24. Re4 Qe6 25. Rae1 Rf7 26.
Kg1 Rd8 27. R1e2 Rfd7 28. Be1 Ne7 29. g4 Ng6 30. Bg3 Rd4 31. h3 Rd3 32.
R4e3 R3d4 33. b3 Qd5 34. Nb2 Nf4 35. Bxf4 Rxf4 36. Nd3 Rd4 37. Nf2 Qa5 38.
g5 Rd2 39. Qc4+ Kh8 40. gxf6 gxf6 41. Qf7 Rg8+ 42. Kh2 Rd6 43. Ne4 Qb4 44.
Rf3 1-0

[Event "Politiken"]
[Site "Copenhagen DEN"]
[Date "1996.06.27"]
[Round "5"]
[White "Guindy, E"]
[Black "Guglielmi, R"]
[Result "1-0"]
[WhiteElo "2060"]
[BlackElo "2200"]

1. d4 d5 2. c4 c6 3. Nc3 Nf6 4. Nf3 a6 5. Bf4 dxc4 6. a4 Nd5 7. Bxb8 Nxc3
8. bxc3 Rxb8 9. Ne5 Qd5 10. e3 b5 11. Be2 Qe6 12. Bf3 Bd7 13. e4 Qd6 14.
axb5 cxb5 15. Nxd7 Kxd7 16. e5 Qb6 17. d5 g6 18. e6+ Ke8 19. exf7+ Kxf7 20.
Bg4 Bg7 21. Be6+ Ke8 22. Qf3 Rf8 23. Qg3 Qd6 24. Rxa6 Qxg3 25. hxg3 Bxc3+
26. Ke2 h5 27. Rb1 Be5 28. Rc6 Rf6 29. Rxb5 Ra8 30. Ra5 Rb8 31. Rxc4 Rb2+
32. Kd1 Kf8 33. Ra8+ Kg7 34. f4 Bd6 35. Rcc8 Rxe6 36. Rg8+ Kh7 37. Rh8+ Kg7
38. Rag8+ Kf7 39. dxe6+ Kf6 40. Rh6 Kf5 41. Rhxg6 Ke4 42. Rg5 Rxg2 43. Rd8
Bb4 44. Re5+ Kf3 45. Rd3+ Kg4 46. Rg5+ Kh3 47. Rxh5+ Kg4 48. Rg5+ Kh3 49.
g4+ Kh2 50. Rh5+ Kg1 51. g5 Rg4 52. g6 1-0

[Event "Politiken"]
[Site "Copenhagen DEN"]
[Date "1996.06.27"]
[Round "5"]
[White "Bonnez, F"]
[Black "Lilja, R"]
[Result "0-1"]
[WhiteElo "2205"]
[BlackElo "2170"]

1. d4 g6 2. c4 Bg7 3. Nc3 Nf6 4. e4 d6 5. Bd3 O-O 6. Nge2 e5 7. d5 Nh5 8.
Ng3 Nf4 9. Bxf4 exf4 10. Nge2 Qg5 11. g3 fxg3 12. hxg3 Bg4 13. Qd2 Qxd2+
14. Kxd2 Nd7 15. f4 Nc5 16. Rhe1 Rfe8 17. b4 Nxd3 18. Kxd3 Re7 19. Nd4 Rae8
20. Re3 h5 21. Rae1 Bf6 22. c5 h4 23. gxh4 Bxh4 24. Rf1 f5 25. Ne6 fxe4+
26. Nxe4 Bxe6 27. dxe6 Rxe6 28. Rh1 d5 29. Rxh4 Rxe4 30. Rxe4 Rxe4 31. a3
Kg7 32. Rg4 c6 33. b5 Ra4 34. bxc6 bxc6 35. Rg1 Kf6 36. Rb1 Rxf4 37. Rb7
Rf3+ 38. Kd4 Rxa3 0-1

[Event "Politiken"]
[Site "Copenhagen DEN"]
[Date "1996.06.27"]
[Round "5"]
[White "Kogan, A"]
[Black "Glek, I"]
[Result "0-1"]
[WhiteElo "2485"]
[BlackElo "2635"]

1. e4 e6 2. d4 d5 3. e5 c5 4. Nf3 Nc6 5. Bd3 cxd4 6. O-O f6 7. Qe2 Qc7 8.
Bf4 g5 9. Bg3 g4 10. Nh4 f5 11. Nd2 Bh6 12. Nxf5 exf5 13. e6 Qg7 14. Bxf5
Qg5 15. Be5 Nxe5 16. Qxe5 Qf6 17. Qxf6 Nxf6 18. Nb3 O-O 19. Nxd4 Bg7 20.
Nb5 Ne8 21. Bxg4 a6 22. Nc3 Bxc3 23. bxc3 Nc7 24. Rad1 Re8 25. c4 dxc4 26.
Bh5 Rxe6 27. Rd8+ Kg7 28. f4 Rh6 29. Re1 Ne6 30. Rd5 Nxf4 31. Re7+ Kf6 32.
Rf7+ Ke6 33. Rd8 Nxh5 34. Rff8 Nf6 35. Rxc8 Rxc8 36. Rxc8 Kd5 0-1

[Event "Politiken"]
[Site "Copenhagen DEN"]
[Date "1996.06.27"]
[Round "5"]
[White "Djurhuus, R"]
[Black "Steingrimsson, H"]
[Result "1-0"]
[WhiteElo "2505"]
[BlackElo "2405"]

1. e4 e6 2. d4 d5 3. Nc3 Bb4 4. e5 c5 5. a3 Bxc3+ 6. bxc3 Qc7 7. Nf3 b6 8.
a4 Ba6 9. Bxa6 Nxa6 10. Qe2 Nb8 11. O-O Ne7 12. c4 dxc4 13. dxc5 bxc5 14.
Qxc4 Nd7 15. Re1 Rb8 16. Qh4 Rb4 17. Qh5 g6 18. Qh3 h5 19. Ng5 Nc6 20. c3
Rb6 21. f4 Ne7 22. Ne4 Kf8 23. Rd1 Nd5 24. Qh4 c4 25. f5 exf5 26. Rxd5 fxe4
27. Ba3+ Kg7 28. Qe7 Rb7 29. Rd6 Nf8 30. Qf6+ Kh7 31. Rd8 Rb8 32. Rxb8 Qxb8
33. Qxf7+ Kh6 34. Bc1+ g5 35. Bxg5+ 1-0

[Event "Politiken"]
[Site "Copenhagen DEN"]
[Date "1996.06.27"]
[Round "5"]
[White "Krasenkow, M"]
[Black "Sobjerg, E"]
[Result "1-0"]
[WhiteElo "2610"]
[BlackElo "2320"]

1. Nf3 Nc6 2. d4 d5 3. g3 Bf5 4. Bg2 Nb4 5. Na3 e6 6. c3 Na6 7. Qb3 Rb8 8.
Nh4 c6 9. Nxf5 exf5 10. f3 Nf6 11. O-O Be7 12. e4 fxe4 13. fxe4 dxe4 14.
Bxe4 O-O 15. Bg2 Nc7 16. Bf4 Bd6 17. Bg5 Nce8 18. Nc4 h6 19. Bd2 Bc7 20.
Rf5 g6 21. Rf2 Ng4 22. Rf3 Ng7 23. h3 b5 24. hxg4 bxc4 25. Qxc4 Rxb2 26.
Bxh6 Qd7 27. Raf1 Qxg4 28. Qd3 Rxa2 29. Bxg7 Kxg7 30. Qc4 Rxg2+ 31. Kxg2
Qe4 32. R1f2 f5 33. Re2 Qd5 34. Qxd5 cxd5 35. Re7+ Rf7 36. Rxf7+ Kxf7 37.
g4 Ke6 38. gxf5+ gxf5 39. Rh3 Bf4 40. Kf3 Bd2 41. Ke2 1-0

[Event "Politiken"]
[Site "Copenhagen DEN"]
[Date "1996.06.27"]
[Round "5"]
[White "Ward, C"]
[Black "Gulko, B"]
[Result "1/2-1/2"]
[WhiteElo "2505"]
[BlackElo "2615"]

1. d4 Nf6 2. c4 e6 3. Nc3 Bb4 4. g3 O-O 5. Bg2 Bxc3+ 6. bxc3 d6 7. Nf3 Nc6
8. Qd3 e5 9. Nd2 Nd7 10. O-O f5 11. c5 e4 12. Qc4+ Kh8 13. Nb3 Nf6 14. cxd6
cxd6 15. f3 Qe7 16. Bg5 Be6 17. Qa4 Rae8 18. fxe4 fxe4 19. Na5 Nxa5 20.
Qxa5 Bc4 21. Rae1 b6 22. Qa4 d5 23. Bh3 Rf7 24. Rf5 Ref8 25. Re5 Qb7 26.
Qa3 Qa6 27. Qxa6 Bxa6 28. Bxf6 gxf6 29. Rxd5 1/2-1/2